000 00796cab a2200253 4500
001 WB3343-09
008 090401t1997 xxu||||| |||| 00| 0 eng d
035 _a(Sirsi) u81906
041 _aeng
245 _aShares slump `no big deal`
260 _c1997
350 _a0
490 _aBuilding
_v262(43) 31 October 1997, 14(1)
520 _aConsiders the long-term implications of the collapsing Far East stock markets on UK contractors particularly those who planned growth in the Far East.
650 _aCONSTRUCTION COMPANIES
650 _aCONSTRUCTION MARKET
650 _aCONTRACTORS
650 _aFAR EAST
650 _aGLOBAL FINANCIAL MARKETS
650 _aSTOCK MARKET COLLAPSE
690 _aPROPERTY-PROPERTY FINANCE AND INVESTMENT
942 _n0
948 _c04/11/1997
999 _c51647
_d51647